Obchod v Evropském společenství

Salvato in:
Dettagli Bibliografici
Autore principale: Gibbs, Paul
Altri autori: Hančil, Tomáš
Natura: Libro
Lingua:ceco
Pubblicazione: Praha Grada 1993
Edizione:1. vyd.
Soggetti:
Tags: Aggiungi Tag
Nessun Tag, puoi essere il primo ad aggiungerne!!

MARC

LEADER 00000nam a2200000 4500
001 c003816
005 20230228102844.0
020 |a 80-85623-33-1 
041 0 |a cze 
044 |a CZ 
245 1 0 |a Obchod v Evropském společenství  |c Paul Gibbs ; [Z angl. prel.] Tomáš Hančil 
250 |a 1. vyd. 
264 1 |a Praha  |b Grada  |c 1993 
300 |a 290 s. 
610 2 0 |a Európske spoločenstvá 
610 2 0 |a obchod medzinárodný 
610 2 0 |a 1992 
610 2 0 |a Európa 
610 2 0 |a spotrebitelia 
610 2 0 |a marketing 
610 2 0 |a rokovania obchodné 
610 2 0 |a spoločnosti obchodné 
610 2 0 |a trh medzinárodný 
610 2 0 |a adresáre 
610 2 0 |a tabuľky štatistické 
100 1 |a Gibbs, Paul 
700 1 |a Hančil, Tomáš